| 000 | 01706cab a2200325 ab4500 | ||
|---|---|---|---|
| 005 | 20240913063810.0 | ||
| 008 | 991125c2015 cl fr p o 000 0 spa d | ||
| 035 | _aUPN01000210297 | ||
| 040 |
_aMX-MxUPN _bspa _cMX-MxUPN _eaacr2 |
||
| 049 | _aART-E | ||
| 100 | 1 | _aFernández Suárez, Asunción | |
| 100 | 1 | _ufernandezasuncion@uniovi.es | |
| 100 | 1 | _aPérez Sánchez, Beatriz | |
| 100 | 1 | _aFernández Alonso, Laura | |
| 100 | 1 | _aHerrero Olaizola, Juan | |
| 100 | 1 | _aRodríguez Díaz, Francisco Javier | |
| 245 | 1 | 0 |
_aPerfil de los menores infractores extranjeros acompañados y no acompañados en Asturias _h[recurso electrónico en línea] |
| 506 | 0 | _aAcceso abierto | |
| 520 | 3 | _aLa alarma social generada por la delincuencia juvenil se ve incrementada cuando el infractor, además es extranjero. El objetivo de este trabajo es nalizar el perfil sociodemográfico, la problemática psicológica y delictiva de estos jóvenes, estableciendo una comparación entre los menores extranjeros no acompañados (MENAs) y los acompañados (procedentes de reagrupaciones familiares). Los resultados refieren que no se trata de un colectivo homogéneo, siendo discutidas sus implicaciones de cara a una orientación en la intervención desde el Sistema de Protección y Justicia Juvenil. | |
| 650 | 4 |
_aDelincuencia juvenil _99217 |
|
| 650 | 4 |
_911947 _aAbuso de sustancias |
|
| 653 | 0 | _aMenores infractores | |
| 653 | 0 | _aReincidencia | |
| 653 | 0 | _aIntervención | |
| 773 |
_gVol. 2, no. 1 (2015) _tRevista de psicología _x0719-0581 |
||
| 856 | 4 | _uhttps://revistapsicologia.uchile.cl/index.php/RDP/article/view/36911 | |
| 902 | _aLeonor Sotres/010323 | ||
| 905 | _aArticulo | ||
| 942 | _cART-E | ||
| 999 |
_c182398 _d182398 |
||